000 01423cam a2200337 a 4500
001 EDZ0000062235
003 StDuBDS
005 20161031105217.0
006 m||||||||d||||||||
007 cr |||||||||||
008 120307s2010 cau fo| 001|0|eng d
020 _a9780857021113 (ebook) :
_cNo price
040 _aStDuBDS
_beng
_cStDuBDS
_epn
049 _aAlfaisal Main Library
050 0 _aGF41
_b.S14 2010
082 0 4 _a304.2
_223
245 0 4 _aThe SAGE handbook of social geographies
_h[electronic resource] /
_cedited by Susan J. Smith ... [et al.].
260 _aLos Angeles ;
_aLondon :
_bSAGE,
_cc2010.
300 _a1 online resource (xvii, 614 p.)
504 _aIncludes bibliographical references and index.
520 8 _aSocial geography has been concerned with the ways in which social relations, social identities and social inequalities are produced, their spatial variation, and the role of space in constructing them. This title is divided into five sections which develop these fundamental concerns.
521 _aSpecialized.
588 _aDescription based on print version record.
650 0 _aHuman geography.
655 7 _aElectronic books.
_2local
700 1 _aSmith, Susan,
_d1956-
710 2 _aSage eBooks
776 0 8 _iPrint version :
_z9781412935593
856 4 0 _uhttp://ezproxy.alfaisal.edu/login?url=http://sk.sagepub.com/reference/hdbk_socialgeo
942 _2lcc
_cEBOOKS
999 _c481760
_d481760